Country Word Search II Quiz Stats

 Plays Quiz Updated Nov 14, 2018

     
Support Sporcle.
Go Orange.
Score 0/30 Timer 05:00
0 Plays Today
Country % Correct
P O I C W U E M I U E N B G A T N S P A I N A Spain
67.3%
J A D A E T H G I W D J I B O J O R D A N D D Jordan
66.3%
C O V I J K O C N A Z H W C A T F I S R A E L Israel
65.2%
D I T A L Y C A T L I Y B A A L E N A C A W O Italy
60.5%
C A V I E T N A M E A G K A S P O B A O W A V Vietnam
60.2%
F R F R B A H R A I N D P Q O K Y L Y C M D E Bahrain
59.8%
T E L S A N R Q H O I E C U A D O R I R S I S Ecuador
59.7%
V W F I J I R E L N D N A S E C A S F U L C E Fiji
55.9%
O P E L Z U R W A N D A C A B H U D C A B R P Rwanda
53.8%
A E E C I N D I A C V C P L I D F P E A O V T India
53.8%
B C A M A N A P N E V F R A W O V T U G T E I Panama
53.6%
E N I G R F V A I K C E T A I W A N H N G T N Taiwan
52%
G E H K R A D N L A F R A C S A G A D A M V Z Madagascar
50.1%
L A D A E G A L O F C E E R E Z I L E B E A T Belize
49.8%
G D A Y R H G P A N M A A I V I L O B I L U H Bolivia
49.5%
Country % Correct
O C J E F F C E T N A F M A U R I T I U S U E Mauritius
48.4%
A E B S N U I L A P E N J N C A Y S V E A B R Nepal
44.9%
E M I W A L A M D E T A R C J R D S W A S D S Malawi
44.2%
R A T G I E N F P Y R E G I N D M P A Y I P U Niger
43.3%
B E A A I T A O R C C Z E C R E P B L C L A H Croatia
42.3%
A O M A S O F L W G J W E A T F C A O A B E K Samoa
41.6%
A C M E M E V P F F I L A M K V S I N A E F T Mali
40.4%
D G Y W O T E A Y G D G C E S O H T O S E L I Lesotho
40.2%
P R A N Y L E O N T S D A H C T O H P L C Y M Chad
39.2%
P F A I S S U R E H A S E D O T A C T E W A D Russia
37%
E M A B G R O T O N L D I E A K N A L I R S E Sri Lanka
36.1%
P H I L Y H U A L A P E A Y T B Y G A M B J E Palau
33.8%
F H A F E V G A B O M A N Z H Y V G U B B G C Oman
32.2%
A C E M S U R E P U D T T E A I U A F T I K E Peru
30.6%
P J D V Y R G N U H M E W G E R O A I R Y S Y Syria
29.6%

From the Vault

The Hot Quiz

by multislack

Does anyone have a fan? It's getting hot in here!
Remove Ads.
Support Sporcle.
Get the best of Sporcle when you Go Orange. This ad-free experience offers more features, more stats, and more fun while also helping to support Sporcle. Thank you for becoming a member.

Show Comments

Extras

Top Quizzes Today


Score Distribution

Your Account Isn't Verified!

In order to create a playlist on Sporcle, you need to verify the email address you used during registration. Go to your Sporcle Settings to finish the process.

Report this User

Report this user for behavior that violates our Community Guidelines.

Details: